000 00709nam a2200205Ii 4500
003 JO-AjNU
008 230605s9999||||xx |||||||||||||| ||und||
017 _a2009/11/4744
040 _aJO-AjNU
_bara
_erda
_cJO-AjNU
041 _aara
050 1 4 _aPJ6106.J37 2009
100 3 _aتاليف الجارم،علي؛م.مشارك مصطفى أمين,
_eauthor
_923064
245 0 0 _aالنحو الواضح في قواعد اللغة العربية، ج3
264 3 1 _aعمان: وزارة الثقافة،2009
300 _aج3، 395ص
336 _atext
_btxt
_2rdacontent
337 _aunmediated
_bn
_2rdamedia
338 _avolume
_bnc
_2rdacarrier
650 4 _aاللغة العربية-قواعد
_923065
999 _aA8286
_c11854
_d11854